|
|
|
|
| LEADER |
02370nam a2200589 a 4500 |
| 001 |
nkc20081800074 |
| 003 |
CZ PrNK |
| 005 |
20080721155309.0 |
| 007 |
ta |
| 008 |
080411s2007 xr abcee 001 0 cze |
| 015 |
|
|
|a cnb001800074
|
| 020 |
|
|
|a 978-80-87073-06-3
|q (Foibos ;
|q váz.)
|
| 035 |
|
|
|a (OCoLC)237072224
|
| 040 |
|
|
|a OLA001
|b cze
|d ABA001
|
| 043 |
|
|
|a e-xr---
|b e-xr-li
|2 czenas
|
| 045 |
|
|
|a w7y0
|
| 072 |
|
7 |
|a 72
|x Architektura
|2 Konspekt
|9 21
|
| 080 |
|
|
|a 728.37
|2 MRF
|
| 080 |
|
|
|a 72
|2 MRF
|
| 080 |
|
|
|a 72.036/.038
|2 MRF
|
| 080 |
|
|
|a (437.316)
|2 MRF
|
| 080 |
|
|
|a (048.8)
|2 MRF
|
| 080 |
|
|
|a (084.12)
|2 MRF
|
| 245 |
0 |
0 |
|a Slavné vily Libereckého kraje /
|c Pavel Halík (editor) ... [et al. ; fotografie] Aleš Jungmann ... [et al.]
|
| 250 |
|
|
|a 1. vyd. v jazyce českém
|
| 260 |
|
|
|a Praha :
|b Foibos ve spolupráci s Národním památkovým ústavem, územním odborným pracovištěm v Liberci, Severočeským muzeem v Liberci,
|c 2007
|
| 300 |
|
|
|a 171 s. :
|b il. (převážně barev.), mapy, portréty, plány ;
|c 24 cm
|
| 490 |
1 |
|
|a Slavné vily
|
| 504 |
|
|
|a Obsahuje bibliografii, bibliografické odkazy a rejstřík
|
| 648 |
|
7 |
|a 19.-21. století
|7 ch757016
|2 czenas
|
| 650 |
0 |
7 |
|a vily
|7 ph127102
|z Česko
|2 czenas
|
| 650 |
0 |
7 |
|a architektura
|7 ph118586
|z Česko
|y 19.-21. století
|2 czenas
|
| 650 |
0 |
7 |
|a moderní architektura
|7 ph115339
|z Česko
|2 czenas
|
| 650 |
0 |
9 |
|a villas
|z Czechia
|2 eczenas
|
| 650 |
0 |
9 |
|a architecture
|z Czechia
|y 19th-21st centuries
|2 eczenas
|
| 650 |
0 |
9 |
|a modern architecture
|z Czechia
|2 eczenas
|
| 651 |
|
7 |
|a Liberecký kraj (Česko : 2000-)
|7 ge135865
|2 czenas
|
| 651 |
|
9 |
|a Liberec Region (Czechia)
|2 eczenas
|
| 655 |
|
7 |
|a přehledy
|7 fd133202
|2 czenas
|
| 655 |
|
7 |
|a fotografické publikace
|7 fd132276
|2 czenas
|
| 655 |
|
9 |
|a surveys
|2 eczenas
|
| 655 |
|
9 |
|a photographical works
|2 eczenas
|
| 700 |
1 |
|
|a Halík, Pavel,
|d 1935-2021
|7 jn20000400862
|4 aut
|4 edt
|
| 700 |
1 |
|
|a Jungmann, Aleš,
|d 1971-
|7 ola2008434646
|4 pht
|
| 710 |
2 |
|
|a Národní památkový ústav.
|b Územní odborné pracoviště v Liberci
|7 xx0063713
|
| 710 |
2 |
|
|a Severočeské muzeum (Liberec, Česko)
|7 kn20010724733
|
| 830 |
|
0 |
|a Slavné vily
|0 s
|
| 910 |
2 |
|
|a BOA001
|b 2-1201.950
|
| 990 |
|
|
|a BK
|
| 995 |
|
|
|a 01
|
| 991 |
|
|
|b 200805
|c NOV
|
| 996 |
6 |
|
|b 2610340070
|c 2-1201.950
|l MZK
|r Sklad / do 1 hodiny
|n 6
|p p.v.
|w 000892775
|u 000010
|a 1
|e BOA001
|j MZK50
|s P
|